<?xml version="1.0" encoding="UTF-8"?><?xml-stylesheet type="text/xsl" href="static/style.xsl"?><OAI-PMH xmlns="http://www.openarchives.org/OAI/2.0/" xmlns:xsi="http://www.w3.org/2001/XMLSchema-instance" xsi:schemaLocation="http://www.openarchives.org/OAI/2.0/ http://www.openarchives.org/OAI/2.0/OAI-PMH.xsd"><responseDate>2026-06-02T10:40:43Z</responseDate><request verb="GetRecord" identifier="oai:riuma.uma.es:10630/38229" metadataPrefix="marc">https://riuma.uma.es/rest/oai/request</request><GetRecord><record><header><identifier>oai:riuma.uma.es:10630/38229</identifier><datestamp>2026-02-03T10:23:17Z</datestamp><setSpec>com_10630_1685</setSpec><setSpec>col_10630_38055</setSpec></header><metadata><record xmlns="http://www.loc.gov/MARC21/slim" xmlns:dcterms="http://purl.org/dc/terms/" xmlns:doc="http://www.lyncode.com/xoai" xmlns:xsi="http://www.w3.org/2001/XMLSchema-instance" xsi:schemaLocation="http://www.loc.gov/MARC21/slim http://www.loc.gov/standards/marcxml/schema/MARC21slim.xsd">
   <leader>00925njm 22002777a 4500</leader>
   <datafield ind2=" " ind1=" " tag="042">
      <subfield code="a">dc</subfield>
   </datafield>
   <datafield ind2=" " ind1=" " tag="720">
      <subfield code="a">Jolin García, Víctor María</subfield>
      <subfield code="e">author</subfield>
   </datafield>
   <datafield ind2=" " ind1=" " tag="260">
      <subfield code="c">2023</subfield>
   </datafield>
   <datafield ind2=" " ind1=" " tag="520">
      <subfield code="a">Las estructuras de acero están formadas, en general, por piezas simples o compuestas que se unen entre sí para resistir conjuntamente. Para ello, se debe garantizar que las uniones son capaces de transmitir adecuadamente las fuerzas de enlace de unas barras a otras. El fallo de una de estas uniones es suficiente para ocasionar la ruina parcial o total de la estructura. &#xd;
Consecuentemente, un proyecto de estructura metálica debe incluir todos los enlaces de la misma adecuadamente calculados.&#xd;
Este es el objetivo, presentar un proyecto de nave industrial en el que se estudien las uniones con especial detenimiento.&#xd;
En este trabajo, se analizan y comparan diferentes diseños de naves industriales, atendiendo a ciertos requerimientos y buscando aquella que mejor los satisfaga. Encontrada la estructura óptima, se modelan sus uniones mediante un software de elementos finitos.&#xd;
De esto, obtendremos las comprobaciones que aseguran el cumplimiento de la normativa vigente y gráficas que permiten ahondar en el entendimiento de las mismas.&#xd;
Los programas de cálculo utilizados han sido fundamentalmente: CYPE 3D, para las estructuras, y CYPE Connect, para las uniones; enlazados ambos mediante una plataforma de tecnología BIM.</subfield>
   </datafield>
   <datafield ind1="8" ind2=" " tag="024">
      <subfield code="a">https://hdl.handle.net/10630/38229</subfield>
   </datafield>
   <datafield tag="653" ind2=" " ind1=" ">
      <subfield code="a">Edificios industriales - Diseño y construcción - Trabajos fin de grado</subfield>
   </datafield>
   <datafield tag="653" ind2=" " ind1=" ">
      <subfield code="a">Método de los elementos finitos - Trabajos fin de grado</subfield>
   </datafield>
   <datafield ind2="0" ind1="0" tag="245">
      <subfield code="a">Diseño y cálculo de una nave industrial y modelado de las uniones mediante elementos finitos.</subfield>
   </datafield>
</record>
</metadata></record></GetRecord></OAI-PMH>